<?xml version="1.0" encoding="UTF-8"?>
<record
    xmlns:xsi="http://www.w3.org/2001/XMLSchema-instance"
    xsi:schemaLocation="http://www.loc.gov/MARC21/slim http://www.loc.gov/standards/marcxml/schema/MARC21slim.xsd"
    xmlns="http://www.loc.gov/MARC21/slim">

  <leader>00841nam a2200217 a 4500</leader>
  <controlfield tag="001">54936</controlfield>
  <controlfield tag="003">BD-RjUL</controlfield>
  <controlfield tag="005">20211209080206.0</controlfield>
  <controlfield tag="008">161112s1992    bg ||||| |||| 00| 0 ben d</controlfield>
  <datafield tag="035" ind1=" " ind2=" ">
    <subfield code="a">(BD-RjUL)55058</subfield>
  </datafield>
  <datafield tag="040" ind1=" " ind2=" ">
    <subfield code="a">BD-RjUL</subfield>
    <subfield code="b">ben</subfield>
    <subfield code="c">BD-RjUL</subfield>
    <subfield code="d">BD-RjUL</subfield>
  </datafield>
  <datafield tag="041" ind1=" " ind2=" ">
    <subfield code="a">ben</subfield>
  </datafield>
  <datafield tag="082" ind1=" " ind2=" ">
    <subfield code="2">23</subfield>
    <subfield code="a">615.532</subfield>
    <subfield code="b">RAM 1992</subfield>
  </datafield>
  <datafield tag="100" ind1=" " ind2=" ">
    <subfield code="a">&#x9B0;&#x9B6;&#x9BF;&#x9A6;, &#x996;&#x9A8;&#x9CD;&#x9A6;&#x995;&#x9BE;&#x9B0; &#x986;&#x9AC;&#x9CD;&#x9A6;&#x9C1;&#x9B0;</subfield>
    <subfield code="9">162160</subfield>
  </datafield>
  <datafield tag="245" ind1="1" ind2="0">
    <subfield code="a">&#x9B9;&#x9CB;&#x9AE;&#x9BF;&#x993; &#x99A;&#x995;&#x9CD;&#x9B7;&#x9C1; &#x99A;&#x9BF;&#x995;&#x9BF;&#x9CE;&#x9B8;&#x9BE; &#x9AC;&#x9BF;&#x99C;&#x9CD;&#x99E;&#x9BE;&#x9A8; /</subfield>
    <subfield code="c">&#x996;&#x9A8;&#x9CD;&#x9A6;&#x995;&#x9BE;&#x9B0; &#x986;&#x9AC;&#x9CD;&#x9A6;&#x9C1;&#x9B0; &#x9B0;&#x9B6;&#x9BF;&#x9A6;, </subfield>
  </datafield>
  <datafield tag="260" ind1=" " ind2=" ">
    <subfield code="a">&#x995;&#x9C1;&#x9B7;&#x9CD;&#x99F;&#x9BF;&#x9AF;&#x9BC;&#x9BE; :</subfield>
    <subfield code="b">&#x9A4;&#x9BE;&#x9B9;&#x9CD;&#x200C;&#x9AE;&#x9BF;&#x9A8;&#x9BE; &#x996;&#x9A8;&#x9CD;&#x9A6;&#x995;&#x9BE;&#x9B0;,</subfield>
    <subfield code="c">&#x9E7;&#x9EF;&#x9EF;&#x9E8;.</subfield>
  </datafield>
  <datafield tag="300" ind1=" " ind2=" ">
    <subfield code="a">[&#x9E7;&#x9EA;], &#x9EB;&#x9EE;&#x9EA; &#x9AA;&#x9C3;. :</subfield>
    <subfield code="b">&#x99A;&#x9BF;&#x9A4;&#x9CD;&#x9B0; ;</subfield>
    <subfield code="c">&#x9E8;&#x9E7; &#x9B8;&#x9C7;&#x9AE;&#x9BF;.</subfield>
  </datafield>
  <datafield tag="650" ind1=" " ind2=" ">
    <subfield code="a">&#x9B9;&#x9CB;&#x9AE;&#x9BF;&#x993;</subfield>
    <subfield code="9">163799</subfield>
  </datafield>
  <datafield tag="650" ind1=" " ind2=" ">
    <subfield code="a">Homeopathic</subfield>
    <subfield code="9">163800</subfield>
  </datafield>
  <datafield tag="942" ind1=" " ind2=" ">
    <subfield code="2">ddc</subfield>
    <subfield code="c">BK</subfield>
  </datafield>
  <datafield tag="999" ind1=" " ind2=" ">
    <subfield code="c">54936</subfield>
    <subfield code="d">54936</subfield>
  </datafield>
  <datafield tag="952" ind1=" " ind2=" ">
    <subfield code="0">0</subfield>
    <subfield code="1">0</subfield>
    <subfield code="2">ddc</subfield>
    <subfield code="4">0</subfield>
    <subfield code="7">0</subfield>
    <subfield code="8">NFIC</subfield>
    <subfield code="a">RUCL</subfield>
    <subfield code="b">RUCL</subfield>
    <subfield code="c">Stack</subfield>
    <subfield code="d">2009-11-04</subfield>
    <subfield code="e">RU.Lib. Rajshahi, Gift</subfield>
    <subfield code="g">225.00</subfield>
    <subfield code="l">0</subfield>
    <subfield code="o">B 615.532 RAM 1992</subfield>
    <subfield code="r">2016-11-12 00:00:00</subfield>
    <subfield code="t">C-2</subfield>
    <subfield code="w">2016-11-12</subfield>
    <subfield code="y">BK</subfield>
  </datafield>
  <datafield tag="952" ind1=" " ind2=" ">
    <subfield code="0">0</subfield>
    <subfield code="1">0</subfield>
    <subfield code="2">ddc</subfield>
    <subfield code="4">0</subfield>
    <subfield code="7">1</subfield>
    <subfield code="8">NFIC</subfield>
    <subfield code="a">RUCL</subfield>
    <subfield code="b">RUCL</subfield>
    <subfield code="c">Reading</subfield>
    <subfield code="d">2009-11-04</subfield>
    <subfield code="e">Administrator, RUCL</subfield>
    <subfield code="g">225.00</subfield>
    <subfield code="l">0</subfield>
    <subfield code="o">B 615.532 RAM 1992</subfield>
    <subfield code="r">2017-04-27 00:00:00</subfield>
    <subfield code="t">C-1</subfield>
    <subfield code="w">2021-12-09</subfield>
    <subfield code="y">BK</subfield>
  </datafield>
</record>
